| 000 | 00551nam a2200217Ia 4500 | ||
|---|---|---|---|
| 003 | OSt | ||
| 005 | 20230605090659.0 | ||
| 008 | 210423s2014 xx 000 0 und d | ||
| 020 | _a978-81-8411-539-0 | ||
| 040 | _cAL | ||
| 041 | _aeng | ||
| 082 | _a361.3 CHOS | ||
| 100 |
_aCHOPRA (Dinesh) _9119417 |
||
| 245 | _aSocial work and human rights | ||
| 260 |
_aNew Delhi _bSonali Publications _c2014 |
||
| 300 |
_av,248 _bHB |
||
| 365 |
_b995 _cINR |
||
| 650 |
_aSocial Work _9119418 |
||
| 906 | _ahuman ; rights ; Social ; work | ||
| 942 |
_2ddc _cBK |
||
| 999 |
_c176574 _d176574 |
||